000 00659nam a2200217 a 4500
001 3353609
005 20260420173709.0
008 861107s1987 ilu b 001 0 eng
020 _a0875813216
_qpbk.
020 _a9780875813219
_q(pbk.)
050 0 0 _aHV41
_b.S823 1987
082 0 0 _a361.8
_219
245 0 0 _aStrategies of community organization :
_bmacro practice /
_ceditors, Fred M. Cox ... [et al.].
250 _a4th ed.
260 _aItasca, Ill. :
_bF.E. Peacock Publishers,
_cc1987.
300 _aix, 552 p. ;
_c24 cm.
500 _aIncludes indexes.
650 0 _aCommunity organization.
700 1 _aCox, Fred M.
942 _2lcc
_cBK
_e4th ed.
_n0
999 _c9309
_d9309